00493nam a2200145Ia 4500008004100000020001800041041000800059082001700067100005600084245012900140250000600269260003900275300001300314650002000327210716s2012 xx 000 0 und d a9788131787007 aeng a005.365 SHAA aShalloway, Alan;Bain, Scott;Pugh, Ken;Kolsky, Amir. aEssential skills for the agile developer: a guide to better programming and design.bGuide to better programming and design. a1 aNew DelhibPearson Educationc2012 axxvi,234 aPrograms(005.3)